000 00267nam a22001217a 4500
020 _a9781402088940
082 _a631.45 SHA/PH
100 _aShao/Yaping
245 _aPhysics and modelling of wind erosion
260 _bSpringer
_c2008
300 _a452
942 _cBK
999 _c13880
_d13880